| 000 | 00872nam a22002057a 4500 | ||
|---|---|---|---|
| 003 | CBULib | ||
| 005 | 20240528130505.0 | ||
| 008 | 231123b |||||||| |||| 00| 0 eng d | ||
| 040 |
_aCBULib _bEnglish _cCBULib _dCBULib _erda |
||
| 041 | _aeng | ||
| 050 | _aUNECA(08)BPS/2000/7A | ||
| 110 |
_aUnited Nations Economic Commissions for Africa (UNECA) _9631 |
||
| 245 |
_a Briefing paper series: emerging trends in the negotiations under WTO: pertinent issues of concern to African Countries: trade related investments measures (TRIMS): The rules and their potential impact on African Economic _c/ by United Nations Economic Commission for Africa (UNECA) |
||
| 260 |
_aAddis Ababa : _bUnited Nations, _c2000 |
||
| 300 | _aiii, 51 pages. | ||
| 336 |
_2rdacontent _aText | _btxt |
||
| 337 |
_2rdamedia _aUnmediated | _bn |
||
| 338 |
_2rdacarrier _aVolume _bnc |
||
| 942 |
_2mc _c029 |
||
| 999 |
_c83562 _d83562 |
||